One Amongst Us/ (Record no. 189441)

MARC details
000 -LEADER
fixed length control field 00417nam a22001697a 4500
005 - DATE AND TIME OF LATEST TRANSACTION
control field 20220630165335.0
010 ## - LCCN (DPL NO)
LC control number ENG-133413
020 ## - INTERNATIONAL STANDARD BOOK NUMBER
International Standard Book Number 9789380151120
Terms of availability 300.00
035 ## - SYSTEM CONTROL NUMBER
System control number EN-116745
037 ## - SOURCE OF ACQUISITION
Source of stock number/acquisition DBAD/PUB
082 ## - DEWEY DECIMAL CLASSIFICATION NUMBER
Classification number N
100 ## - MAIN ENTRY--PERSONAL NAME
Personal name Poddar, Sumant
245 ## - TITLE STATEMENT
Title One Amongst Us/
Statement of responsibility, etc Sumant Poddar
260 ## - PUBLICATION, DISTRIBUTION, ETC. (IMPRINT)
Name of publisher, distributor, etc Cinnamon Teal Print and Publishing
300 ## - PHYSICAL DESCRIPTION
Extent 278p.
Dimensions 20cm(pbk)
942 ## - ADDED ENTRY ELEMENTS (KOHA)
Source of classification or shelving scheme Dewey Decimal Classification
Item type English Books
Classification part N
Call number suffix POD
Holdings
Withdrawn status Lost status Not for loan Collection code Home library Current library Date acquired Source of acquisition Cost, normal purchase price Full call number Barcode Copy number Cost, replacement price Koha item type
      Non-fiction Ashok Vihar Ashok Vihar 30/06/2022 DBAD/PUB 300.00 N POD EN-116945 1 300.00 English Books

© Delhi Public Library
Hit Counter
free hit counter